MARC

LEADER 00000nam0a2200000 4500
001 64003
005 20231031065232.0
035 |a (RuTPU)RU\TPU\book\67911 
090 |a 64003 
100 |a 20040524d1969 km y0rusy50 ca 
101 0 |a rus 
102 |a RU 
105 |a a g 000zy 
200 1 |a Справочник по проектированию цементных заводов  |f Государственный всесоюзный проектный и научно-исследовательский институт цементной промышленности; Под ред. С. И. Данюшевского 
210 |a Ленинград  |c Стройиздат  |d 1969 
215 |a 240 с.  |c ил. 
610 1 |a цементные заводы 
610 1 |a проектирование 
610 1 |a технологическое оборудование 
610 1 |a компоновка 
610 1 |a материалы 
610 1 |a складирование 
610 1 |a конструкции строительные 
610 1 |a технологическое топливо 
610 1 |a электрооборудование 
610 1 |a электроснабжение 
610 1 |a водоснабжение 
610 1 |a канализация 
610 1 |a отопление 
610 1 |a вентиляция 
610 1 |a справочники 
675 |a 666.9(035)  |v 3 
675 |a 624.91(035)  |v 3 
702 1 |a Данюшевский  |b С. И.  |4 340 
712 0 2 |a Государственный всесоюзный научно-исследовательский институт цементной промышленности (НИИЦемент)  |c (1947-1991)  |2 stltpush  |3 (RuTPU)RU\TPU\col\16895 
801 1 |a RU  |b 63413507  |c 20040524  |g PSBO 
801 2 |a RU  |b 63413507  |c 20140225  |g PSBO 
942 |c BK